| 000 | 00709nam a2200229Ia 4500 | ||
|---|---|---|---|
| 005 | 20241129111146.0 | ||
| 008 | 241129s9999||||xx |||||||||||||| ||und|| | ||
| 020 | _a978-81-923482-1-6 | ||
| 037 | _aTB | ||
| 040 |
_aCRL _beng _cCRL |
||
| 041 |
_ahin _2hin |
||
| 084 |
_aO15j27 152R1 _qCRL |
||
| 100 |
_aShastri Bal Ed.; Shukal Bhagwatsaran Ed. _9723492 |
||
| 245 | 0 |
_aSitaramkirti komudi _cShastri Bal Ed.; Shukal Bhagwatsaran Ed. |
|
| 260 |
_aVaranasi, India _bChokhamba Sanskrit Pustakalaya _c2021 |
||
| 300 | _a664p. | ||
| 365 |
_aINR _b2500 |
||
| 546 | _aTranslated from Sanskrit to Hindi | ||
| 650 | _aSanskrit Literature | ||
| 942 |
_cTB _hO15j27 152R1 |
||
| 999 |
_c1229188 _d1229188 |
||